[Event "?"]
[Site "?"]
[Date "2013.07.19"]
[Round "1.27"]
[White "Schröter, Sophie"]
[Black "Dijkhuis, Oele"]
[Result "0-1"]
[WhiteElo "988"]
[BlackElo "1343"]
[PlyCount "72"]
[EventDate "2013.??.??"]
[WhiteTeam "SG Porz e.V."]
[BlackTeam "Schaakclub Utrecht (NL)"]

1. e4 e5 2. Nf3 Nf6 3. Nc3 Nc6 4. Bb5 a6 5. Bxc6 dxc6 6. d3 Bd6 7. Bg5 h6 8.
Bxf6 Qxf6 9. d4 Bg4 10. dxe5 Bxe5 11. O-O Qf4 12. Ne2 Qf6 13. Nxe5 Qxe5 14. Qd4
Qg5 15. Ng3 h5 16. f3 Be6 17. Rad1 O-O 18. Qb4 Rab8 19. b3 Rfe8 20. Rfe1 h4 21.
Nf5 g6 22. Ne3 h3 23. g3 Qf6 24. Rf1 Qg5 25. f4 Qh5 26. Nc4 Qe2 27. Qd2 Bxc4
28. bxc4 Qxc4 29. c3 Rxe4 30. Qd7 Qc5+ 31. Rf2 Re2 32. Rdf1 Rbe8 33. Qxc7 Re1
34. Qxb7 R8e2 35. Qxa6 Rxf1+ 36. Kxf1 Qxf2# 0-1

[Event "?"]
[Site "?"]
[Date "2013.07.19"]
[Round "1.28"]
[White "Mersch, Peter Daniel"]
[Black "Mennicken, Leonardo"]
[Result "1-0"]
[WhiteElo "1330"]
[BlackElo "955"]
[PlyCount "73"]
[EventDate "2013.??.??"]
[WhiteTeam "Klub Kölner SF e.V. 1"]
[BlackTeam "Klub Kölner SF e.V. 1"]

1. e4 e5 2. Nf3 Nc6 3. Bc4 Nf6 4. Ng5 d5 5. exd5 Na5 6. Bb5+ Bd7 7. Bxd7+ Qxd7
8. Nc3 Bb4 9. a3 Bxc3 10. bxc3 Nxd5 11. O-O O-O 12. Re1 Qf5 13. Nf3 Nc4 14. Qe2
Nd6 15. Qxe5 Rfe8 16. Qxf5 Nxf5 17. Bb2 Nb6 18. d3 Na4 19. Rab1 Rxe1+ 20. Nxe1
Re8 21. Kf1 Re6 22. Bc1 Nxc3 23. Rxb7 h6 24. Rxc7 a6 25. Rxc3 Rg6 26. Rc8+ Kh7
27. c4 Nd6 28. Rc7 f6 29. c5 f5 30. Bb2 Nb5 31. Rc8 Na7 32. Rf8 Rg5 33. Nf3 Rg6
34. Rxf5 Rc6 35. Rf7 Nc8 36. Rxg7+ Kh8 37. Rc7+ 1-0

[Event "?"]
[Site "?"]
[Date "2013.07.20"]
[Round "2.1"]
[White "Plitt, Stefan"]
[Black "Herms, Stefan"]
[Result "1/2-1/2"]
[WhiteElo "1664"]
[BlackElo "1710"]
[PlyCount "20"]
[EventDate "2013.??.??"]
[WhiteTeam "SV Grünfeld e.V."]
[BlackTeam "SC Erkrath 1973"]

1. d4 e6 2. c4 b6 3. Nc3 Bb7 4. e3 Nf6 5. Nf3 Bb4 6. Bd2 O-O 7. Bd3 Bxc3 8.
Bxc3 Be4 9. O-O Bxd3 10. Qxd3 d6 1/2-1/2

[Event "?"]
[Site "?"]
[Date "2013.07.20"]
[Round "2.2"]
[White "Kürten, Lothar"]
[Black "Kronseder, Michael"]
[Result "1/2-1/2"]
[WhiteElo "1653"]
[BlackElo "1689"]
[PlyCount "64"]
[EventDate "2013.??.??"]
[WhiteTeam "SF Köln-Longerich 195"]
[BlackTeam "SV 1925 Hürth-Berrenra"]

1. e4 c5 2. Nf3 Nc6 3. d4 cxd4 4. c3 Nf6 5. e5 Nd5 6. cxd4 d6 7. Bc4 Nb6 8. Bb3
e6 9. O-O Be7 10. Nc3 O-O 11. Bc2 dxe5 12. dxe5 Qxd1 13. Rxd1 Nc4 14. Re1 b6
15. a3 Bd7 16. Bd3 N4a5 17. b4 Nb3 18. Rb1 Nxc1 19. Rbxc1 a5 20. b5 Na7 21. a4
Bb4 22. Red1 Rfd8 23. Na2 Bc5 24. Ng5 h6 25. Ne4 Rac8 26. Nxc5 Rxc5 27. Rxc5
bxc5 28. Be4 Kf8 29. b6 Nc8 30. b7 Nb6 31. Bc6 Ke7 32. Nc3 Rb8 1/2-1/2

[Event "?"]
[Site "?"]
[Date "2013.07.20"]
[Round "2.3"]
[White "Hiendl, David"]
[Black "Herrmann, Andreas"]
[Result "1/2-1/2"]
[WhiteElo "1603"]
[BlackElo "1669"]
[PlyCount "22"]
[EventDate "2013.??.??"]
[WhiteTeam "SF Lohmar 1974 e.V."]
[BlackTeam "Düsseldorfer SK 14/25 e."]

1. e4 c6 2. d4 d5 3. Nc3 dxe4 4. Nxe4 Bf5 5. Ng3 Bg6 6. Nf3 Nd7 7. Bd3 Bxd3 8.
Qxd3 e6 9. O-O Ngf6 10. Re1 Bd6 11. Ne5 O-O 1/2-1/2

[Event "?"]
[Site "?"]
[Date "2013.07.20"]
[Round "2.4"]
[White "Havenith, Michael"]
[Black "Baltic, Fatih"]
[Result "1/2-1/2"]
[WhiteElo "1667"]
[BlackElo "1591"]
[PlyCount "36"]
[EventDate "2013.??.??"]
[WhiteTeam "SV Würselen 1926 e.V."]
[BlackTeam "DJK Aufwärts St. Josef Aachen 19"]

1. c4 e6 2. Nf3 c5 3. g3 Nc6 4. Bg2 Nf6 5. d4 cxd4 6. Nxd4 Qb6 7. Nxc6 bxc6 8.
O-O g6 9. b3 Bg7 10. Bb2 O-O 11. Nd2 d5 12. cxd5 exd5 13. Nf3 Bb7 14. Rc1 Rfe8
15. e3 Rad8 16. Qc2 Ne4 17. Bxg7 Kxg7 18. Rfd1 f6 1/2-1/2

[Event "?"]
[Site "?"]
[Date "2013.07.20"]
[Round "2.5"]
[White "Sewald, Jörg"]
[Black "Miranda Laferte, Erick"]
[Result "1/2-1/2"]
[WhiteElo "1481"]
[BlackElo "1664"]
[PlyCount "39"]
[EventDate "2013.??.??"]
[WhiteTeam "SF Esch e.V."]
[BlackTeam "Hannover 96"]

1. b3 Nf6 2. Bb2 e6 3. g3 d5 4. Bg2 Be7 5. d3 Bb4+ 6. Nd2 O-O 7. a3 Ba5 8. b4
Bb6 9. e3 c5 10. bxc5 Bxc5 11. Nb3 Be7 12. Ne2 a5 13. h3 Nbd7 14. g4 h6 15. Ng3
Bd6 16. h4 Qc7 17. f4 Qb6 18. Bd4 Qc7 19. Bb2 Qb6 20. Bd4 1/2-1/2

[Event "?"]
[Site "?"]
[Date "2013.07.20"]
[Round "2.6"]
[White "Knütter, Helmut"]
[Black "Jansen, Kurt"]
[Result "1/2-1/2"]
[WhiteElo "1714"]
[BlackElo "1460"]
[PlyCount "97"]
[EventDate "2013.??.??"]
[WhiteTeam "SK Sülz-Klettenberg"]
[BlackTeam "SK Sülz-Klettenberg"]

1. e4 e6 2. d4 d5 3. e5 c5 4. c3 Qb6 5. Nf3 Nc6 6. Bd3 Bd7 7. Bc2 Rc8 8. O-O
cxd4 9. cxd4 Nb4 10. Nc3 Nxc2 11. Qxc2 Bb4 12. Qb3 Bxc3 13. Qxb6 axb6 14. bxc3
Rxc3 15. Bb2 Rc4 16. Rfc1 b5 17. Nd2 Rxc1+ 18. Rxc1 Bc6 19. Nb3 Kd7 20. a3 Ne7
21. f4 Nf5 22. Kf2 h5 23. g3 g6 24. Nc5+ Kc7 25. Nd3 Ra8 26. Nb4 Ne7 27. Kf3
Nc8 28. Rd1 Nb6 29. Rd3 Nc4 30. Bc1 Nb6 31. Ke3 Nd7 32. Kf3 Rh8 33. h4 Nb8 34.
Kg2 Na6 35. Nc2 Kb6 36. Bd2 Rc8 37. Rc3 Rf8 38. Re3 Bd7 39. Rc3 Nb8 40. Re3 Nc6
41. Kf2 Ra8 42. Rb3 Ra4 43. Ke3 Rc4 44. Rc3 Ra4 45. Rb3 Na5 46. Rb4 Nc4+ 47.
Kd3 Nxd2 48. Kxd2 Ka5 49. Kc3 1/2-1/2

[Event "?"]
[Site "?"]
[Date "2013.07.20"]
[Round "2.7"]
[White "Stelzer, Wolfgang"]
[Black "Gail, Edgar"]
[Result "1/2-1/2"]
[WhiteElo "1694"]
[BlackElo "1554"]
[PlyCount "91"]
[EventDate "2013.??.??"]
[WhiteTeam "SC Wittlich 1947"]
[BlackTeam "Klub Kölner SF e.V. 1"]

1. c4 e6 2. e3 d5 3. d4 c5 4. Nf3 Nf6 5. cxd5 exd5 6. dxc5 Bxc5 7. Bb5+ Nc6 8.
Nd4 Qc7 9. Nc3 O-O 10. Nb3 Bb4 11. Bd2 d4 12. exd4 Re8+ 13. Kf1 a6 14. Bd3 Be6
15. Ne2 Bxb3 16. axb3 Bxd2 17. Qxd2 Nd5 18. Rc1 Qb6 19. Bc4 Nf6 20. Qf4 Re4 21.
Qd6 Qd8 22. Qxd8+ Rxd8 23. f3 Re7 24. Rd1 b5 25. Bd3 g6 26. Bb1 Rde8 27. Nc3
Nxd4 28. Kf2 Nxb3 29. Rd6 Re6 30. Rhd1 Nc5 31. Ba2 Rxd6 32. Rxd6 Ne6 33. Rxa6
b4 34. Ne2 b3 35. Bxb3 Nc5 36. Rxf6 Nxb3 37. Rb6 Nc5 38. Nc3 Nd3+ 39. Kg3 Re1
40. Rb7 Rc1 41. Ne4 h6 42. Nd6 f5 43. Kh4 Rc2 44. Nf7 Rxg2 45. Nxh6+ Kh8 46.
Nf7+ 1/2-1/2

[Event "?"]
[Site "?"]
[Date "2013.07.20"]
[Round "2.8"]
[White "Reinartz, Ulrich"]
[Black "Engel, Johann"]
[Result "1/2-1/2"]
[WhiteElo "1676"]
[BlackElo "1575"]
[PlyCount "134"]
[EventDate "2013.??.??"]
[WhiteTeam "vereinslos"]
[BlackTeam "Brühler SK 1920 e.V."]

1. e4 c6 2. d4 d5 3. exd5 cxd5 4. Nf3 Nc6 5. Bb5 Bf5 6. O-O e6 7. Bf4 Bd6 8.
Bxd6 Qxd6 9. c3 Nf6 10. Nbd2 O-O 11. Re1 a6 12. Bf1 b5 13. b4 Ne4 14. Nxe4 Bxe4
15. Nd2 Bg6 16. Nb3 Rfb8 17. a4 Na7 18. Nc5 Rb6 19. g3 Qc6 20. h4 h6 21. Bh3
Be4 22. Qe2 bxa4 23. Nxa4 Rbb8 24. Nc5 Nb5 25. Qe3 Ra7 26. c4 Nd6 27. b5 Qa8
28. Rxa6 Rxa6 29. Nxa6 Nxc4 30. Qc3 Rc8 31. Nc5 Rc7 32. Rxe4 dxe4 33. Qxc4 e5
34. b6 Re7 35. d5 Qa1+ 36. Kh2 Qb2 37. Nxe4 Qxb6 38. d6 Re8 39. d7 Rd8 40. Qd5
g6 41. Qxe5 f5 42. Nf6+ Kf7 43. Nd5 Qe6 44. Qxe6+ Kxe6 45. Nf4+ Kf7 46. h5 g5
47. Ng6 Kf6 48. g4 f4 49. Bf1 Rxd7 50. Kg2 Ra7 51. Bd3 Ke6 52. Kf3 Kd5 53.
Nxf4+ gxf4 54. Kxf4 Ke6 55. Bg6 Ra4+ 56. Kg3 Ke5 57. f3 Ra3 58. Be4 Rc3 59. g5
hxg5 60. Kg4 Kf6 61. h6 Rc1 62. h7 Rh1 63. Kg3 Kg7 64. Kg4 Kf6 65. Kg3 Rh4 66.
Bd3 Kg7 67. Be4 Rf4 1/2-1/2

[Event "?"]
[Site "?"]
[Date "2013.07.20"]
[Round "2.9"]
[White "Thierkopf, Constantin"]
[Black "Hiendl, Robert"]
[Result "1/2-1/2"]
[WhiteElo "1460"]
[BlackElo "1638"]
[PlyCount "55"]
[EventDate "2013.??.??"]
[WhiteTeam "Brühler SK 1920 e.V."]
[BlackTeam "SF Lohmar 1974 e.V."]

1. e4 c5 2. Bc4 Nc6 3. Nf3 d6 4. d3 g6 5. Nc3 Bg7 6. Bf4 Nf6 7. O-O O-O 8. Qd2
Bg4 9. Qe3 Nh5 10. h3 Nxf4 11. Qxf4 Bxf3 12. Qxf3 Nd4 13. Qd1 Qa5 14. Rb1 e6
15. Ne2 b5 16. Bb3 Nxb3 17. axb3 Rab8 18. d4 Rfd8 19. Ra1 Qb6 20. c3 b4 21. Qd3
a5 22. Ra2 bxc3 23. bxc3 Qxb3 24. Rxa5 cxd4 25. Nxd4 Bxd4 26. Qxd4 Rbc8 27. Rc1
Qb2 28. Raa1 1/2-1/2

[Event "?"]
[Site "?"]
[Date "2013.07.20"]
[Round "2.10"]
[White "Breuer, Achim"]
[Black "Beißel, Daniel"]
[Result "1-0"]
[WhiteElo "1473"]
[BlackElo "1615"]
[PlyCount "101"]
[EventDate "2013.??.??"]
[WhiteTeam "SV Bayer Dormagen 47"]
[BlackTeam "SV Horrem 1948"]

1. d4 Nf6 2. c4 g6 3. Nc3 Bg7 4. e4 d6 5. Nf3 O-O 6. Be2 Nbd7 7. O-O e5 8. dxe5
Nxe5 9. Nxe5 dxe5 10. Bg5 c6 11. Qb3 Qc7 12. Rfd1 Be6 13. Qc2 Ne8 14. Rd2 h6
15. Be3 Qe7 16. Rad1 Nc7 17. Na4 Na6 18. a3 Rfd8 19. Rxd8+ Rxd8 20. Rxd8+ Qxd8
21. Bxa7 Qa5 22. Qd1 Qc7 23. Bb6 Qe7 24. Qd8+ Qxd8 25. Bxd8 Bf8 26. b4 Bd7 27.
c5 Kg7 28. Nb2 Be6 29. Bc4 Bd7 30. Kf1 Bc8 31. Ke2 f6 32. Na4 Bd7 33. Nb6 Be8
34. Be6 Nxc5 35. bxc5 Bxc5 36. Nd7 Bxd7 37. Bxd7 Bxa3 38. Bc8 b5 39. Bd7 c5 40.
Bxb5 Bb2 41. Kd3 f5 42. f3 Bd4 43. Kc4 fxe4 44. fxe4 Bg1 45. h3 g5 46. Be7 h5
47. Bxg5 Kg6 48. Be7 Bh2 49. Bxc5 Kg5 50. Kd5 Kh4 51. Bd6 1-0

[Event "?"]
[Site "?"]
[Date "2013.07.20"]
[Round "2.11"]
[White "Krug, Franz-Dieter"]
[Black "Rokitta, Norbert"]
[Result "1/2-1/2"]
[WhiteElo "1443"]
[BlackElo "1583"]
[PlyCount "24"]
[EventDate "2013.??.??"]
[WhiteTeam "SVigung 1928 Alsdorf e"]
[BlackTeam "SF Lohmar 1974 e.V."]

1. d4 d5 2. Nf3 Nf6 3. c4 c6 4. cxd5 cxd5 5. Qb3 Qb6 6. Qxb6 axb6 7. e3 Nc6 8.
Bb5 Bd7 9. Bxc6 bxc6 10. Ne5 e6 11. Nxd7 Kxd7 12. O-O Ne4 1/2-1/2

[Event "?"]
[Site "?"]
[Date "2013.07.20"]
[Round "2.12"]
[White "Havenith, Julia"]
[Black "Stetefeldt, Mario"]
[Result "1/2-1/2"]
[WhiteElo "1407"]
[BlackElo "1656"]
[PlyCount "21"]
[EventDate "2013.??.??"]
[WhiteTeam "SV Würselen 1926 e.V."]
[BlackTeam "SK Sülz-Klettenberg"]

1. e4 e6 2. d4 d5 3. Nd2 Nf6 4. Bd3 dxe4 5. Nxe4 Bd7 6. Nf3 Nxe4 7. Bxe4 Bc6 8.
Bxc6+ Nxc6 9. O-O Be7 10. c3 Qd5 11. Bf4 1/2-1/2

[Event "?"]
[Site "?"]
[Date "2013.07.20"]
[Round "2.13"]
[White "Margenberg, Volker"]
[Black "Hertling, Jürgen"]
[Result "0-1"]
[WhiteElo "1625"]
[BlackElo "1415"]
[PlyCount "78"]
[EventDate "2013.??.??"]
[WhiteTeam "SV Wiehl 1923 e.V."]
[BlackTeam "SF Köln-Mülheim e.V."]

1. d4 d5 2. c4 c6 3. e3 Nf6 4. Nc3 Bg4 5. Qc2 e6 6. cxd5 exd5 7. Bd3 g6 8. h3
Be6 9. Nf3 Bg7 10. Bd2 O-O 11. Ne2 Nbd7 12. Nf4 Re8 13. g4 Nf8 14. g5 Ne4 15.
Nxe6 Nxe6 16. h4 Nxd2 17. Qxd2 Nxd4 18. Nxd4 Bxd4 19. Bxg6 Bxe3 20. Bxf7+ Kxf7
21. fxe3 Qd6 22. O-O-O Qc5+ 23. Kb1 Qxe3 24. Rhf1+ Kg7 25. Qb4 Qe4+ 26. Qxe4
Rxe4 27. h5 Re5 28. Rg1 h6 29. g6 Rxh5 30. Rde1 Rg5 31. Rxg5 hxg5 32. Re7+ Kxg6
33. Rxb7 g4 34. Rc7 g3 35. Rxc6+ Kf5 36. Rd6 g2 37. Rxd5+ Kf4 38. Rd4+ Kf3 39.
Rd3+ Ke2 0-1

[Event "?"]
[Site "?"]
[Date "2013.07.20"]
[Round "2.14"]
[White "Johnen, Franz"]
[Black "Müller, Adrian"]
[Result "1-0"]
[WhiteElo "1565"]
[BlackElo "1382"]
[PlyCount "59"]
[EventDate "2013.??.??"]
[WhiteTeam "SVigung 1928 Alsdorf e"]
[BlackTeam "SV Fideler Bauer Lever"]

1. d4 Nf6 2. c4 g6 3. Nf3 Bg7 4. Nc3 O-O 5. e3 d6 6. Be2 Nbd7 7. O-O e5 8. dxe5
Nxe5 9. Nxe5 dxe5 10. e4 h6 11. Be3 Bd7 12. Qc2 Ne8 13. Rad1 Qe7 14. Nd5 Qe6
15. Bc5 f5 16. Bxf8 Bxf8 17. exf5 gxf5 18. f4 Bc5+ 19. Kh1 c6 20. Bf3 e4 21.
Rfe1 cxd5 22. Rxd5 Bb4 23. Re2 Bc6 24. Re5 Qg6 25. Qb3 exf3 26. gxf3 Rd8 27.
Rg2 Qxg2+ 28. Kxg2 Rd2+ 29. Kg3 Bd6 30. c5+ 1-0

[Event "?"]
[Site "?"]
[Date "2013.07.20"]
[Round "2.15"]
[White "Kühlwein, Ralf"]
[Black "Pohl, Stefan"]
[Result "1/2-1/2"]
[WhiteElo "1553"]
[BlackElo "1363"]
[PlyCount "41"]
[EventDate "2013.??.??"]
[WhiteTeam "Klub Kölner SF e.V. 1"]
[BlackTeam "Klub Kölner SF e.V. 1"]

1. d4 d5 2. c4 c6 3. Nf3 e6 4. Nc3 Nf6 5. a3 Nbd7 6. Bf4 Be7 7. e3 O-O 8. cxd5
exd5 9. Bd3 Re8 10. O-O Nf8 11. Re1 Ng6 12. Bxg6 hxg6 13. Ne5 Nh5 14. Qf3 Nxf4
15. Qxf4 Bf5 16. g4 Be6 17. e4 g5 18. Qf3 dxe4 19. Qxe4 Bf6 20. Rad1 Qb6 21.
Rd2 1/2-1/2

[Event "?"]
[Site "?"]
[Date "2013.07.20"]
[Round "2.16"]
[White "Yon, Gregory"]
[Black "Klein, Markus"]
[Result "1-0"]
[WhiteElo "1523"]
[BlackElo "1355"]
[PlyCount "125"]
[EventDate "2013.??.??"]
[WhiteTeam "Turnerschaft Bergisch Gladbach 1"]
[BlackTeam "SK Sülz-Klettenberg"]

1. c4 e6 2. Nc3 Bb4 3. e4 Nc6 4. Nf3 Nge7 5. a3 Bxc3 6. bxc3 Ng6 7. d4 O-O 8.
Bd3 d6 9. O-O Rb8 10. Bg5 f6 11. Be3 b6 12. Qc2 e5 13. d5 Nce7 14. h4 Bg4 15.
Nh2 Qc8 16. f3 Bd7 17. h5 Nh8 18. g4 Nf7 19. Qg2 h6 20. f4 Kh7 21. f5 Ng5 22.
a4 a5 23. Bxg5 hxg5 24. Nf3 Ng8 25. Qd2 Qd8 26. Ne1 Nh6 27. Be2 Nf7 28. Nc2 Nh6
29. Bd1 Nf7 30. Kg2 Nh6 31. Rh1 Nf7 32. Kg3 Rh8 33. Na3 Ra8 34. Nb5 Nh6 35. Be2
Rb8 36. Rh3 Nf7 37. Rah1 Nh6 38. R1h2 Ra8 39. Qc1 Rb8 40. Na7 Ra8 41. Nc6 Bxc6
42. dxc6 Rb8 43. Qd2 Qe8 44. Qd5 Qg8 45. Qb5 Qd8 46. Bd1 Qe8 47. Bb3 Qd8 48.
Qd5 Qg8 49. Qb5 Qd8 50. Rc2 Ra8 51. c5 bxc5 52. Be6 Qb8 53. Qc4 Rf8 54. Rhh2
Qb6 55. Rb2 Qxc6 56. Bd5 Qa6 57. Qxa6 Rxa6 58. Rb7 c6 59. Be6 Rd8 60. Rhb2 Rda8
61. Rd7 d5 62. exd5 cxd5 63. Rbb7 1-0

[Event "?"]
[Site "?"]
[Date "2013.07.20"]
[Round "2.17"]
[White "Dijkhuis, Oele"]
[Black "Lennartz, Ludwig"]
[Result "0-1"]
[WhiteElo "1343"]
[BlackElo "1512"]
[PlyCount "70"]
[EventDate "2013.??.??"]
[WhiteTeam "Schaakclub Utrecht (NL)"]
[BlackTeam "DJK Arminia Eilendorf 1919 e.V."]

1. e4 c5 2. Nf3 d6 3. d4 cxd4 4. Nxd4 Nf6 5. Nc3 g6 6. Be2 Bg7 7. Be3 O-O 8.
O-O Nc6 9. Qd2 Re8 10. Bh6 Nxd4 11. Bxg7 Nxe2+ 12. Qxe2 Kxg7 13. e5 Ng4 14.
exd6 Qxd6 15. f4 Nf6 16. Kh1 Qb4 17. Rab1 Bd7 18. Qe5 Kg8 19. Nd5 Nxd5 20. Qxd5
Bc6 21. Qe5 Qe4 22. Qg5 e6 23. Rbe1 Qxc2 24. Re5 Rad8 25. h3 Qd3 26. Rf2 Qxh3+
27. Kg1 Rd1+ 28. Rf1 Rxf1+ 29. Kxf1 Qd3+ 30. Kg1 Rd8 31. f5 exf5 32. Rxf5 Re8
33. Rf1 Qe3+ 34. Qxe3 Rxe3 35. Rf2 Kg7 0-1

[Event "?"]
[Site "?"]
[Date "2013.07.20"]
[Round "2.18"]
[White "Oerder, Timon"]
[Black "Masalsky, Boris"]
[Result "0-1"]
[WhiteElo "1323"]
[BlackElo "1475"]
[PlyCount "74"]
[EventDate "2013.??.??"]
[WhiteTeam "SV Fideler Bauer Lever"]
[BlackTeam "LSV Turm Lippstadt"]

1. d4 d5 2. c4 e6 3. Nc3 c6 4. Nf3 Nf6 5. Bg5 Be7 6. e3 O-O 7. Be2 Nbd7 8. O-O
Re8 9. Qc2 Nf8 10. Rac1 N6d7 11. Bxe7 Qxe7 12. e4 dxe4 13. Nxe4 Ng6 14. c5 Nf4
15. Nd6 Rd8 16. Rfe1 Nf6 17. Ne5 Rf8 18. Qd2 N4d5 19. Qg5 Qc7 20. Bh5 g6 21.
Bf3 Ne8 22. Nec4 Bd7 23. h4 Rd8 24. Nxb7 f6 25. Qh6 Qxb7 26. h5 g5 27. Be4 Rf7
28. f4 Nxf4 29. g3 Nd5 30. Rf1 Bc8 31. Bxd5 Rxd5 32. Nd6 Nxd6 33. cxd6 Rf5 34.
Rfe1 Qb4 35. g4 Qxd4+ 36. Kh1 Rf4 37. Rxc6 Qd5+ 0-1

[Event "?"]
[Site "?"]
[Date "2013.07.20"]
[Round "2.19"]
[White "Sewald, Richard"]
[Black "Schröter, Ron"]
[Result "1-0"]
[WhiteElo "1301"]
[BlackElo "1452"]
[PlyCount "101"]
[EventDate "2013.??.??"]
[WhiteTeam "SG Porz e.V."]
[BlackTeam "SG Porz e.V."]

1. e4 e5 2. Nf3 Nc6 3. Bc4 Bc5 4. c3 d6 5. d4 exd4 6. cxd4 Bb4+ 7. Bd2 Bxd2+ 8.
Nbxd2 Bg4 9. Bb5 Nf6 10. Bxc6+ bxc6 11. h3 Bh5 12. O-O O-O 13. Rc1 Qe8 14. e5
Nd5 15. exd6 cxd6 16. Qa4 Rb8 17. Qxc6 Qxc6 18. Rxc6 Rxb2 19. Rxd6 Nc3 20. Ra6
Rxa2 21. Rxa2 Nxa2 22. Ra1 Nc3 23. Rxa7 Rd8 24. Rc7 Nb5 25. Rc5 Bxf3 26. Nxf3
Nd6 27. Rd5 Nb7 28. Rxd8+ Nxd8 29. Kf1 Kf8 30. Ke2 Ke7 31. Kd3 f6 32. Nd2 Ne6
33. g3 Kd6 34. Nc4+ Kd7 35. Ne3 h5 36. h4 g5 37. Ke4 gxh4 38. gxh4 Ke7 39. Nd5+
Kf7 40. Nf4 Nxf4 41. Kxf4 Ke6 42. d5+ Kxd5 43. Kf5 Kd6 44. Kxf6 Kd7 45. Kg5 Ke8
46. Kxh5 Kf8 47. Kg6 Kg8 48. f4 Kh8 49. f5 Kg8 50. f6 Kh8 51. h5 1-0

[Event "?"]
[Site "?"]
[Date "2013.07.20"]
[Round "2.20"]
[White "Smets, Heike"]
[Black "Eichhorn, Mike"]
[Result "0-1"]
[WhiteElo "1445"]
[BlackElo "1354"]
[PlyCount "104"]
[EventDate "2013.??.??"]
[WhiteTeam "vereinslos"]
[BlackTeam "VfB Schach Leipzig e.V."]

1. d4 d5 2. Bf4 c6 3. e3 Qb6 4. b3 Nf6 5. Be2 Bf5 6. Nf3 Nbd7 7. O-O e6 8. Nbd2
Be7 9. c4 dxc4 10. Nxc4 Qd8 11. Nfe5 Nd5 12. g4 Nxf4 13. exf4 Be4 14. Bf3 Bd5
15. Nxd7 Bxc4 16. Re1 Bxb3 17. Qxb3 Qxd7 18. Rad1 O-O 19. g5 g6 20. Bg4 Qc7 21.
Bxe6 fxe6 22. Qxe6+ Rf7 23. Re4 Qd6 24. Qb3 Qd5 25. Qe3 Qd7 26. Re1 Re8 27. Qb3
Kg7 28. Qc3 Qd5 29. Re5 Qd7 30. d5 Kg8 31. dxc6 bxc6 32. Qb3 Kf8 33. Qc3 Kg8
34. Qc4 Qg4+ 35. Kh1 Qd7 36. f3 Kg7 37. Qc3 Kg8 38. Qc4 Qb7 39. a3 a6 40. f5
gxf5 41. Rxf5 Ref8 42. Rg1 Kg7 43. Qd4+ Kg6 44. Rxf7 Kxf7 45. h4 Qc8 46. Rg3
Qc7 47. Rg4 Qd6 48. Qe4 Ke8 49. f4 Qxa3 50. Qxc6+ Kd8 51. Qd5+ Kc7 52. f5 Qh3+
0-1

[Event "?"]
[Site "?"]
[Date "2013.07.20"]
[Round "2.21"]
[White "van der Valk, Reiner"]
[Black "Mersch, Peter Daniel"]
[Result "1-0"]
[WhiteElo "1431"]
[BlackElo "1330"]
[PlyCount "67"]
[EventDate "2013.??.??"]
[WhiteTeam "SG Nettetal 1929"]
[BlackTeam "Klub Kölner SF e.V. 1"]

1. e4 e5 2. Nf3 Nc6 3. Nc3 Nf6 4. d4 exd4 5. Nxd4 Bc5 6. Nxc6 bxc6 7. Bg5 h6 8.
Bh4 O-O 9. Bd3 d6 10. O-O Rb8 11. Rb1 Be6 12. a3 Re8 13. Re1 Bd4 14. Qd2 Qd7
15. b4 Bg4 16. Ne2 Bxe2 17. Rxe2 Qg4 18. Bxf6 Bxf6 19. Rbe1 Bg5 20. Qc3 Rb6 21.
Kf1 Qf4 22. Kg1 Re6 23. Bc4 Rg6 24. g3 Bf6 25. Qb3 Be5 26. Re3 Qf6 27. Rf3 Qg5
28. Bxf7+ Kh7 29. Bxg6+ Qxg6 30. Rf8 h5 31. Qg8+ Kh6 32. Qh8+ Kg5 33. h4+ Kg4
34. Kg2 1-0

[Event "?"]
[Site "?"]
[Date "2013.07.20"]
[Round "2.24"]
[White "Schumacher, Markus"]
[Black "Biermann, Florian"]
[Result "0-1"]
[WhiteElo "1283"]
[BlackElo "1290"]
[PlyCount "112"]
[EventDate "2013.??.??"]
[WhiteTeam "Godesberger SK 1929 e.V."]
[BlackTeam "TuS Ende 1892 e.V."]

1. e4 c5 2. Nf3 Nc6 3. Bb5 a6 4. Bxc6 bxc6 5. Nc3 d5 6. d3 e6 7. Qe2 Be7 8. O-O
Nf6 9. Bf4 O-O 10. e5 Nd7 11. Rae1 Nb6 12. Nd2 a5 13. Qg4 Kh8 14. Nf3 h6 15. h4
Ba6 16. Qh3 c4 17. d4 Bb5 18. Re3 Qd7 19. g4 c5 20. h5 Na4 21. Nxb5 Qxb5 22. b3
cxb3 23. axb3 Nb6 24. g5 Rg8 25. g6 Qe8 26. Qg4 c4 27. Kh1 a4 28. bxa4 Rxa4 29.
Rg1 Ra2 30. Bxh6 gxh6 31. Qf4 Bf8 32. gxf7 Rxg1+ 33. Nxg1 Qe7 34. Rg3 Ra7 35.
Rg8+ Kh7 36. Rxf8 Qxf8 37. Qg4 Qxf7 38. f4 Qf5 39. Qxf5+ exf5 40. c3 Na4 41.
Ne2 Rb7 42. Ng3 Rf7 43. Ne2 Kg8 44. Kg2 Kf8 45. Kf3 Ke8 46. Ke3 Kd7 47. Kd2 Rg7
48. Ke1 Rg4 49. Kf2 Rh4 50. Ng3 Ke6 51. Ne2 Rxh5 52. Kg3 Rh1 53. Kg2 Re1 54.
Kf2 Rxe2+ 55. Kxe2 Nxc3+ 56. Ke1 Ne4 0-1

[Event "?"]
[Site "?"]
[Date "2013.07.20"]
[Round "2.25"]
[White "Petersohn, Sadko"]
[Black "Vjazner, Lilian"]
[Result "1-0"]
[WhiteElo "1078"]
[BlackElo "1310"]
[PlyCount "141"]
[EventDate "2013.??.??"]
[WhiteTeam "VfB Schach Leipzig e.V."]
[BlackTeam "Klub Kölner SF e.V. 1"]

1. d4 e6 2. c4 f5 3. Nf3 Nf6 4. g3 c6 5. Bg2 d5 6. b3 Bd6 7. O-O Nbd7 8. Bb2
Bc7 9. Nc3 O-O 10. Qc2 Ne8 11. Nd2 Nd6 12. Rae1 Nf6 13. f3 Qe8 14. e4 fxe4 15.
fxe4 Qg6 16. Qb1 Nh5 17. Rxf8+ Kxf8 18. Rf1+ Kg8 19. exd5 Nf5 20. Ne2 Bd7 21.
Qe4 Nf6 22. Qf3 exd5 23. Nf4 Bxf4 24. Qxf4 Qh6 25. Qxh6 Nxh6 26. Re1 Nf5 27.
Bh3 dxc4 28. Nxc4 Re8 29. Rxe8+ Nxe8 30. Ne3 Ned6 31. Nxf5 Bxf5 32. Bxf5 Nxf5
33. Kf2 Kf7 34. Kf3 Ke6 35. Kf4 h6 36. g4 Nd6 37. d5+ cxd5 38. Bxg7 Nf7 39. h4
a6 40. g5 hxg5+ 41. hxg5 Nd6 42. g6 Nf5 43. Bh8 Ne7 44. Kg5 Ng8 45. Bd4 b5 46.
Bc3 Ke7 47. Kf5 Kd6 48. g7 Ne7+ 49. Kf6 Ng8+ 50. Kf7 Nh6+ 51. Kf8 Kc5 52. Bd2
Nf5 53. g8=Q Nd6 54. Qg1+ d4 55. Bc3 Nf5 56. Qg5 dxc3 57. Qxf5+ Kb4 58. Qc2 a5
59. a3+ Kxa3 60. Qxc3 a4 61. bxa4+ Kxa4 62. Qb2 b4 63. Ke7 Ka5 64. Kd6 Ka4 65.
Kc5 b3 66. Kc4 Ka5 67. Qxb3 Ka6 68. Qb5+ Ka7 69. Kc5 Ka8 70. Kc6 Ka7 71. Qb7#
1-0

[Event "?"]
[Site "?"]
[Date "2013.07.20"]
[Round "2.26"]
[White "Jakob, Gudrun"]
[Black "Hoferichter, Michael"]
[Result "0-1"]
[WhiteElo "1033"]
[BlackElo "1269"]
[PlyCount "62"]
[EventDate "2013.??.??"]
[WhiteTeam "Klub Kölner SF e.V. 1"]
[BlackTeam "Klub Kölner SF e.V. 1"]

1. e4 e6 2. d4 d5 3. Nc3 Nf6 4. e5 Nfd7 5. Nf3 c5 6. Bg5 Be7 7. Bf4 Nc6 8. Be2
Qb6 9. Na4 Qb4+ 10. c3 Qa5 11. O-O b5 12. b4 Qxa4 13. Qxa4 bxa4 14. dxc5 a6 15.
c4 Nxb4 16. cxd5 Nxd5 17. Bg3 Nxc5 18. Rac1 Ne4 19. Nd4 Nxg3 20. fxg3 O-O 21.
Nc6 Bg5 22. Rc2 Ne3 23. Rc3 Nxf1 24. Kxf1 Bb7 25. Bf3 Bxc6 26. Bxc6 Rfc8 27. h4
Be7 28. Ke2 Rf8 29. Kf3 f6 30. Ke4 fxe5 31. Kxe5 Bf6+ 0-1

[Event "?"]
[Site "?"]
[Date "2013.07.20"]
[Round "2.27"]
[White "Wilde, Christian"]
[Black "Schröter, Sophie"]
[Result "1-0"]
[WhiteElo "1223"]
[BlackElo "988"]
[PlyCount "49"]
[EventDate "2013.??.??"]
[WhiteTeam "SF Köln-Longerich 195"]
[BlackTeam "SG Porz e.V."]

1. c4 e5 2. Nc3 Bb4 3. g3 d6 4. e3 Nc6 5. Nge2 Bg4 6. f4 exf4 7. exf4 Bf3 8.
Rg1 Bc5 9. Bg2 Bxe2 10. Qxe2+ Qe7 11. Qxe7+ Ngxe7 12. Rf1 O-O-O 13. Nd5 Nxd5
14. Bxd5 Nd4 15. Kd1 f6 16. Re1 Rhe8 17. Rxe8 Rxe8 18. Rb1 Re2 19. h3 Rh2 20.
b4 c6 21. Be4 Ne2 22. bxc5 Nxc1 23. Kxc1 Rxh3 24. Bf5+ Kc7 25. Bxh3 1-0

[Event "?"]
[Site "?"]
[Date "2013.07.20"]
[Round "2.28"]
[White "Lennartz, Tim"]
[Black "Reiter, Ute"]
[Result "0-1"]
[WhiteElo "1028"]
[BlackElo "1179"]
[PlyCount "78"]
[EventDate "2013.??.??"]
[WhiteTeam "DJK Arminia Eilendorf 1919 e.V."]
[BlackTeam "Brühler SK 1920 e.V."]

1. e4 e5 2. d4 exd4 3. c3 Nc6 4. cxd4 d5 5. Nc3 dxe4 6. Nxe4 Qxd4 7. Qxd4 Nxd4
8. Bd3 Be7 9. Be3 Nf5 10. Bf4 c6 11. Be5 f6 12. Bc3 Nh4 13. g3 Ng6 14. Nd2 Ne5
15. Bxe5 fxe5 16. Ngf3 Bd6 17. Nc4 Be7 18. Ncxe5 Bf6 19. Bc4 Bxe5 20. Nxe5 b5
21. Bb3 Ne7 22. a4 Bb7 23. O-O Rf8 24. axb5 cxb5 25. Ra5 a6 26. Re1 Rf6 27. Ng4
Rd6 28. Ne3 Kf8 29. Raa1 Rad8 30. Rac1 Bc6 31. Nc2 Bd5 32. Bxd5 Nxd5 33. Rcd1
Nc7 34. Rxd6 Rxd6 35. Rc1 Rc6 36. Kf1 Nd5 37. Ke2 Nb4 38. Kd2 Rd6+ 39. Kc3 Na2+
0-1